00217nam a2200073Ia 4500082001900000245003700019100004600056008004100102 a382.60968 GOUW 0aExport issues for entrepreneurs  a GOUWS, Andre Lansdowne, 2004 1st ed 210817s9999 xx 000 0 und d